[Event "Bundesliga 2008-9"]
[Site "Solingen GER"]
[Date "2008.10.03"]
[Round "7"]
[White "Najer,E"]
[Black "Stellwagen,D"]
[Result "1/2-1/2"]
[WhiteElo "2682"]
[BlackElo "2605"]

1.e4 c5 2.Nf3 e6 3.d4 cxd4 4.Nxd4 Nc6 5.Nc3 Qc7 6.g3 a6 7.Bg2 d6 8.O-O Bd7
9.Nb3 Nf6 10.g4 g6 11.f4 Bg7 12.Kh1 O-O 13.g5 Ne8 14.Be3 Rc8 15.Qd2 Ne7 16.Bd4 e5
17.fxe5 Bxe5 18.Rae1 Be6 19.Qe3 Nc6 20.Bb6 Qe7 21.Nd5 Bxd5 22.exd5 Nb8 23.Nc5 dxc5
24.Bh3 Nd7 25.Bxd7 Qxd7 26.Qxe5 Qb5 27.Ba7 Ng7 28.Qf6 Nf5 29.b3 Qd7 30.c4 Ng3+  1/2-1/2

[Event "TCh-AUT 2nd Bundesliga Ost 2008-9"]
[Site "Austria AUT"]
[Date "2008.10.04"]
[Round "2"]
[White "Videki,S"]
[Black "Sommerbauer,N"]
[Result "1/2-1/2"]
[WhiteElo "2428"]
[BlackElo "2471"]

1.e4 c5 2.Nf3 e6 3.d4 cxd4 4.Nxd4 Nc6 5.Nc3 a6 6.g3 Nge7 7.Nb3 d6 8.Bg2 Bd7
9.O-O Nc8 10.a4 Be7 11.Qe2 O-O 12.f4  1/2-1/2

[Event "1st WMSG Blitz Ind w"]
[Site "Beijing CHN"]
[Date "2008.10.04"]
[Round "8"]
[White "Tagnon,N"]
[Black "Zenyuk,I"]
[Result "0-1"]
[WhiteElo "1956"]
[BlackElo "2237"]

1.e4 c5 2.Nf3 e6 3.d4 cxd4 4.Nxd4 Nc6 5.Nc3 Qc7 6.Be2 Nf6 7.O-O Bb4 8.Ncb5 Qb8
9.a3 Be7 10.Kh1 a6 11.Nc3 O-O 12.f4 d6 13.Bf3 Bd7 14.Nb3 Rd8 15.Qe2 Qc7 16.Be3 b5
17.g4 b4 18.Na4 Rdb8 19.g5 Ne8 20.Rad1 bxa3 21.bxa3 Na5 22.Nb6 Rxb6 23.Nxa5 Rb5
24.Nb3 Rc8 25.Nd4 Ra5 26.Qg2 Rxa3 27.Bd2 e5 28.fxe5 dxe5 29.Nf5 Bf8 30.Bc1 Rc3
31.Nh6+ gxh6 32.gxh6+ Kh8  0-1

[Event "TCh-FIN"]
[Site "Finland FIN"]
[Date "2008.10.04"]
[Round "3"]
[White "Tella,J"]
[Black "Issakainen,A"]
[Result "1-0"]
[WhiteElo "2424"]
[BlackElo "2222"]

1.e4 c5 2.Nf3 e6 3.d4 cxd4 4.Nxd4 Nc6 5.Nc3 Qc7 6.Be3 a6 7.Qd2 Nf6 8.O-O-O Bb4
9.f3 b5 10.Nb3 Ne5 11.Qe1 Be7 12.f4 Nc4 13.e5 Ng4 14.Bd4 Bb7 15.Qg3 h5 16.h3 Nh6
17.Bd3 g6 18.Qf2 Nf5 19.Ne4 Bd5 20.Nd6+ Kf8 21.Bxf5 gxf5 22.Bc5 Bc6 23.Nxc4 bxc4
24.Bxe7+ Kxe7 25.Qc5+ Kd8 26.Qxc4 Bxg2 27.Qxc7+ Kxc7 28.Rh2 Bd5 29.c4 Bf3
30.Rd6 Rhg8 31.Nc5 Rg1+ 32.Kc2 a5 33.Rhd2 Bc6 34.Nxd7 Be4+ 35.Kc3 Rg3+ 36.Kd4 Rxh3
37.Kc5 a4 38.Nb6 Ra5+ 39.Kb4 Ra6 40.Kb5 Bb7 41.Rd7+ Kb8 42.Rxb7+ Kxb7 43.Rd7+ Kb8
44.Kxa6  1-0

[Event "Podillya It"]
[Site "Khmelnitsky UKR"]
[Date "2008.10.04"]
[Round "13"]
[White "Firman,N"]
[Black "Ivanov,VA UKR"]
[Result "1-0"]
[WhiteElo "2525"]
[BlackElo "2148"]

1.e4 c5 2.Nf3 Nc6 3.Nc3 e6 4.d4 cxd4 5.Nxd4 Nf6 6.Ndb5 d6 7.Bf4 e5 8.Bg5 a6
9.Na3 b5 10.Nd5 Be7 11.Bxf6 Bxf6 12.c4 O-O 13.cxb5 Nd4 14.Bd3 axb5 15.O-O Rb8
16.Nc2 Be6 17.Nxd4 Bxd5 18.Nxb5 Bxe4 19.Bxe4 Rxb5 20.Bxh7+ Kxh7 21.Qd3+ e4
22.Qxb5 Be5 23.a4 f5 24.Ra3 g5 25.h3 Kg6 26.a5 Rh8 27.a6 g4 28.a7 Qa8 29.Rfa1 Bd4
30.Qc4 Be5 31.Qe6+ Kg5 32.Qe7+ Kg6 33.Ra6 gxh3 34.Qxe5  1-0

[Event "ch-Commonwealth"]
[Site "Nagpur IND"]
[Date "2008.10.04"]
[Round "9"]
[White "Deshmukh,A"]
[Black "Himanshu,Sh"]
[Result "0-1"]
[WhiteElo "2284"]
[BlackElo "2423"]

1.e4 c5 2.Nf3 e6 3.d4 cxd4 4.Nxd4 Nc6 5.Nc3 Qc7 6.Be2 a6 7.O-O Nf6 8.Be3 b5
9.a3 Bb7 10.f4 Bc5 11.Qd3 b4 12.Na4 Bxd4 13.Bxd4 Nxd4 14.Qxd4 Qxc2 15.Nc5 Qxe2
16.Nxb7 O-O 17.Nd6 bxa3 18.Rxa3 Rab8 19.b4 Ne8 20.Rg3 g6 21.Nxe8 Rfxe8 22.f5 exf5
23.exf5 Qb5 24.Qf4 Qb6+ 25.Kh1 Qxb4 26.Qf3 Re1 27.fxg6 Rxf1+ 28.Qxf1 hxg6
29.Rd3 Qc4 30.Qd1 Qa2 31.Rc3 Rb1 32.Rc1 Rxc1 33.Qxc1 Qd5 34.h3 a5 35.Qa1 Qc5
36.g4 a4 37.Kg2 a3 38.h4 Qc2+  0-1

[Event "Chigorin Memorial"]
[Site "St Petersburg RUS"]
[Date "2008.10.04"]
[Round "1"]
[White "Zhukov,K"]
[Black "Teterev,V"]
[Result "1-0"]
[WhiteElo "2183"]
[BlackElo "2513"]

1.e4 c5 2.Nf3 Nc6 3.d4 cxd4 4.Nxd4 e6 5.Nc3 Qc7 6.Be3 a6 7.Qd2 Nf6 8.O-O-O Bb4
9.f3 Ne5 10.Nb3 b5 11.Qd4 Nc6 12.Qb6 Qxb6 13.Bxb6 Rb8 14.Bc7 Rb7 15.Bd6 Bxd6
16.Rxd6 Ke7 17.Rd2 d6 18.a4 b4 19.Nd1 Rc7 20.Ne3 Rd8 21.Be2 g5 22.Rhd1 h5
23.Nc4 d5 24.Nb6 dxe4 25.Rxd8 Nxd8 26.Nxc8+ Rxc8 27.fxe4 Nxe4 28.Bxa6 Rc6
29.Be2 f5 30.Rd4 Rb6 31.a5 Rb8 32.Bf3 Nc6 33.Bxe4 fxe4 34.Rxe4 Rb5 35.Kd2 Rd5+
36.Ke2 Kd6 37.a6 g4 38.Rxb4 Re5+ 39.Kd2 Rd5+ 40.Kc1 Rf5 41.Rb6 Rf1+ 42.Kd2 Kc7
43.Rb7+ Kc8 44.Ke2 Rg1 45.Kf2 Rb1 46.Nc5 Rc1 47.c3 h4 48.Nxe6 Rc2+ 49.Ke3 Na5
50.Rb5 Nc6 51.Nd4  1-0

[Event "Chigorin Memorial"]
[Site "St Petersburg RUS"]
[Date "2008.10.04"]
[Round "1"]
[White "Mikkelsen,N"]
[Black "Vrublevskaya,O"]
[Result "1-0"]
[WhiteElo "2441"]
[BlackElo "2106"]

1.e4 c5 2.Nf3 Nc6 3.d4 cxd4 4.Nxd4 e6 5.Nc3 Qc7 6.Be3 a6 7.Qd2 Nf6 8.f3 Nxd4
9.Qxd4 Bd6 10.Qb6 Bxh2 11.Rxh2 Qxh2 12.O-O-O O-O 13.Ne2 Qe5 14.Bc5 Re8 15.Rd6 Rf8
16.Rd3 Re8 17.Bd6 Qb5 18.Qe3 e5 19.Ng3 Re6 20.Nf5 Ne8 21.Rd1 Qa4 22.a3 Nxd6
23.Rxd6 Qa5 24.Bc4 Rxd6 25.Nxd6 Kf8 26.b4 Qc7 27.Qg5 Qb6 28.Qxe5 Qd8 29.Qc5 Qe7
30.Qc7 Qf6 31.Kb1 a5 32.b5 g6 33.Nxc8 Qc3 34.a4 Kg7 35.Nd6 Rf8 36.Qxd7 Qe1+
37.Ka2 Qf2 38.Bb3 Qxg2 39.Nxf7 h5 40.f4  1-0

[Event "Chigorin Memorial"]
[Site "St Petersburg RUS"]
[Date "2008.10.04"]
[Round "1"]
[White "Massironi,M"]
[Black "Matlakov,M"]
[Result "0-1"]
[WhiteElo "2169"]
[BlackElo "2490"]

1.e4 c5 2.Nf3 Nc6 3.d4 cxd4 4.Nxd4 e6 5.Nc3 Qc7 6.g3 a6 7.Bg2 Nf6 8.O-O d6
9.Re1 Bd7 10.Be3 Be7 11.h3 O-O 12.Nde2 b5 13.a3 Rab8 14.g4 Rfc8 15.f4 a5
16.Ng3 b4 17.axb4 axb4 18.Nce2 d5 19.g5 Nxe4 20.Nxe4 dxe4 21.Bxe4 g6 22.Qd3 Nd8
23.Ra7 Nb7 24.Rd1 Bc6 25.Nd4 Bxe4 26.Qxe4 Bc5 27.Ra6 Nd6 28.Qd3 Nf5 29.Nxf5 gxf5
30.Rf1 Rd8 31.Qe2 Rd5 32.Bxc5 Rxc5 33.Rf2 Rc8 34.h4 Rc4 35.h5 Rxf4 36.Rg2 Qc5+
37.Kh2 Rh4+ 38.Kg3 Re4  0-1

[Event "1st WMSG Rapid Ind"]
[Site "Beijing CHN"]
[Date "2008.10.05"]
[Round "2"]
[White "Socko,B"]
[Black "Gonzalez Garcia,J2"]
[Result "1-0"]
[WhiteElo "2631"]
[BlackElo "2508"]

1.e4 c5 2.Nf3 e6 3.d4 cxd4 4.Nxd4 Nc6 5.Nc3 d6 6.Be3 Nf6 7.f3 Be7 8.Qd2 O-O
9.O-O-O d5 10.exd5 Nxd5 11.Nxd5 Qxd5 12.c4 Qd6 13.Nxc6 Qxc6 14.Bd3 e5 15.Qc2 f5
16.Rhe1 Bc5 17.Bxc5 Qxc5 18.Qc3 Re8 19.Bc2 Qc7 20.Rd5 e4 21.fxe4 fxe4 22.g3 Be6
23.Rd4 Bf5 24.Bxe4 Bxe4 25.Rdxe4 Rxe4 26.Rxe4 Rf8 27.Qd4 a6 28.a3 h6 29.Kb1 Kh8
30.Ka2 b5 31.Re6 Kh7 32.Rxa6 bxc4  1-0

[Event "1st WMSG Rapid Ind w"]
[Site "Beijing CHN"]
[Date "2008.10.05"]
[Round "3"]
[White "Zawadzka,J"]
[Black "Hou Yifan"]
[Result "1/2-1/2"]
[WhiteElo "2378"]
[BlackElo "2578"]

1.e4 c5 2.Nf3 e6 3.d4 cxd4 4.Nxd4 Nc6 5.Nc3 d6 6.Be3 a6 7.f4 Nf6 8.Qf3 Qc7
9.O-O-O Be7 10.g4 Nd7 11.g5 b5 12.Bd3 Bb7 13.Qh3 Nc5 14.g6 Bf6 15.Nxc6 Nxd3+
16.Rxd3 Bxc6 17.gxf7+ Kxf7 18.Rhd1 Rhd8 19.f5 exf5 20.Qxh7 b4 21.Nd5 Bxd5
22.Rxd5 Rac8 23.R5d2 Qc4 24.Qxf5 Qxa2 25.Qd5+ Qxd5 26.Rxd5 Re8 27.Rxd6 Rxe4
28.Bd4 Re2 29.c3 bxc3 30.bxc3 Bxd4 31.R1xd4 Rxc3+ 32.Kd1 Ra2 33.Rd7+ Kf6
34.R7d6+ Ke5 35.R6d5+ Ke6 36.Rd6+ Kf5 37.R6d5+ Kg6 38.Rd6+ Kh7 39.Rh4+ Kg8
40.Rd8+ Kf7 41.Rf4+ Ke6 42.Rg8 Rg2 43.Ra4 Rb3 44.Kc1 Kf7 45.Rd8 Rb6 46.h4 Rf6
47.Rd2 Rc6+ 48.Kd1 Rxd2+ 49.Kxd2 Re6 50.Kd3 Kf6 51.Ra5 Kg6 52.Kd4 Rb6 53.Ke3 Rf6
54.Ke4 Kh6 55.Ke3 g6 56.Ke4 Rb6 57.Kf3 Kg7 58.Kg4 Kf6 59.Kf4 Rb4+ 60.Kg3 Rb3+
61.Kf4 Rb4+ 62.Kg3 Rb6 63.Kf4 Rc6 64.Kg4 Rd6 65.Kf4 Re6 66.Kg4 Rc6 67.Kf4 Ke7
68.h5 gxh5 69.Rxh5 Kd7 70.Ke4 Kc7 71.Kd4 Kb6 72.Rh8 a5 73.Rb8+ Ka6 74.Rb3 a4
75.Rc3 Rb6 76.Ra3 Ka5 77.Kc3 Rb1 78.Kc2 Rh1 79.Rg3 Kb4 80.Kb2 a3+ 81.Ka2 Rh2+
82.Ka1 Ka4 83.Rg4+ Kb5 84.Rg5+ Kc4 85.Rg4+ Kb3 86.Rg3+ Kb4 87.Rg4+  1/2-1/2

[Event "TCh-BEL 2008-9"]
[Site "Belgium BEL"]
[Date "2008.10.05"]
[Round "1"]
[White "Maenhout,T"]
[Black "De Haan,E"]
[Result "1-0"]
[WhiteElo "2232"]
[BlackElo "2364"]

1.e4 c5 2.Nf3 e6 3.d4 cxd4 4.Nxd4 Nc6 5.Nc3 Qc7 6.Be3 a6 7.Qd2 Nf6 8.O-O-O Bb4
9.f3 Ne5 10.Nb3 b5 11.Qe1 Rb8 12.Qg3 Nh5 13.Qh3 Nf6 14.Qg3 Nh5 15.Qg5 g6
16.Bd4 f6 17.Qe3 O-O 18.Bc5 Bxc5 19.Qxc5 Qxc5 20.Nxc5 Rb6 21.a4 d6 22.Nb3 Bd7
23.a5 Rc6 24.Na2 Nc4 25.Nb4 Rc7 26.Nxa6 Ra7 27.Nb4 Rc8 28.a6 Ng7 29.Bxc4 bxc4
30.Na5 Ne8 31.Nb7 Rb8 32.c3 Ba4 33.Rd4 e5 34.Rd5 Bb3 35.Na5 Rxb4 36.cxb4 Rxa6
37.Nxb3 cxb3 38.Kd2 Nc7 39.Ra5 Rb6 40.Kc3 Na6 41.b5 Nc5 42.Kc4 Kg7 43.Ra7+ Kh6
44.Rc7 Rb8 45.Rd1 Ne6 46.Rc6 Nd4 47.Rxd4  1-0

[Event "58th TCh m 1st Div"]
[Site "Borovets BUL"]
[Date "2008.10.05"]
[Round "5"]
[White "Yordanov,N"]
[Black "Ivanov,Jo"]
[Result "0-1"]
[WhiteElo "2275"]
[BlackElo "2428"]

1.e4 c5 2.Nf3 e6 3.d4 cxd4 4.Nxd4 Nc6 5.Nc3 Qc7 6.Be3 a6 7.Qd2 Nf6 8.f3 Ne5
9.O-O-O b5 10.Kb1 b4 11.Na4 d5 12.Nb3 Ned7 13.Qf2 dxe4 14.Nb6 Rb8 15.Nxc8 Qxc8
16.Be2 Be7 17.fxe4 Nxe4 18.Qf4 Nef6 19.Qg3 O-O 20.Bh6 g6 21.Bxf8 Bxf8 22.Rhf1 Nd5
23.h4 Bg7 24.h5 Ne5 25.hxg6 hxg6 26.Rfe1 Rb6 27.Bf1 Nc4 28.Bxc4 Qxc4 29.Qd3 Qh4
30.Re4 Qf6 31.Nd4 a5 32.Rf1 Qd8 33.Qf3 Qd7 34.Rd1 a4 35.Ne2 a3 36.b3 Rd6
37.Rc4 Nb6 38.Rxd6 Qxd6 39.Re4 f5 40.Rh4 g5 41.Rh5 g4 42.Qd3 Qe5 43.Kc1 Nd5
44.Qb5 Bh6+ 45.Rxh6 Qe3+ 46.Kd1 Qxh6 47.Qe8+ Kg7 48.Qd7+ Kf6 49.Qd8+ Ke5
50.Qb8+ Ke4 51.Ng3+ Kd4 52.Ne2+ Ke4 53.Ng3+ Ke3 54.Ke1 Qg7 55.Nf1+ Kd4 56.Kd2 Qc7
57.Qh8+ e5 58.Qh4 Qc3+ 59.Kc1 Qa1+  0-1

[Event "Bundesliga 2008-9"]
[Site "Hamburg GER"]
[Date "2008.10.05"]
[Round "2"]
[White "Polzin,R"]
[Black "Sokolov,And1"]
[Result "0-1"]
[WhiteElo "2500"]
[BlackElo "2559"]

1.e4 c5 2.Nf3 e6 3.d4 cxd4 4.Nxd4 Nc6 5.Nc3 d6 6.Be2 Nf6 7.O-O Be7 8.Be3 O-O
9.f4 e5 10.fxe5 dxe5 11.Nf5 Bxf5 12.Rxf5 g6 13.Rf2 Qxd1+ 14.Rxd1 Kg7 15.h3 Rac8
16.Bb5 a6 17.Bxc6 Rxc6 18.Nd5 Nxe4 19.Nxe7 Nxf2 20.Bxf2 Rxc2 21.b4 Rc7 22.Bc5 Re8
23.Nd5 Rd7 24.Ne3 Rxd1+ 25.Nxd1 Rd8 26.Nc3 Rd3 27.Na4 Ra3 28.Nb6 Rxa2 29.Nd7 f6
30.Bb6 Rd2 31.Nc5 Rb2 32.Ba5 b6 33.Bxb6 Rxb4 34.Bd8 a5 35.Nd7 Rd4 36.Bxf6+ Kf7
37.Bd8 Rxd7 38.Bxa5 Ke6 39.Kf2 Rd3 40.Bb6 Kf5 41.Ba7 Kf4 42.Bb8 Rd2+ 43.Kg1 h5
44.h4 Re2 45.Kf1 Rb2 46.Bc7 Ke3  0-1

[Event "Podillya It"]
[Site "Khmelnitsky UKR"]
[Date "2008.10.05"]
[Round "15"]
[White "Harutjunyan,G"]
[Black "Zherebukh,Y"]
[Result "1-0"]
[WhiteElo "2441"]
[BlackElo "2432"]

1.e4 c5 2.Nf3 e6 3.d4 cxd4 4.Nxd4 Nc6 5.Nc3 Qc7 6.Be3 a6 7.Bd3 Nf6 8.O-O b5
9.Nb3 d6 10.f4 Bb7 11.a3 Be7 12.Qf3 O-O 13.Qh3 b4 14.axb4 Nxb4 15.Nd4 Rfc8
16.Rae1 a5 17.Rf3 Nxd3 18.cxd3 Ba6 19.Rg3 Kf8 20.e5 dxe5 21.fxe5 Qxe5 22.Rxg7 Ke8
23.Bf2 Qh5 24.Qg3 Rd8 25.Nxe6 fxe6 26.Rxe6 Rd7 27.Re5 Qh6 28.Be3 Nh5 29.Rexe7+ Rxe7
30.Rxe7+ Kxe7 31.Qc7+  1-0

[Event "ch-Commonwealth"]
[Site "Nagpur IND"]
[Date "2008.10.05"]
[Round "10"]
[White "Prince,Ba"]
[Black "Sree,L"]
[Result "1/2-1/2"]
[WhiteElo "2111"]
[BlackElo "1921"]

1.e4 c5 2.Nf3 e6 3.d4 cxd4 4.Nxd4 Nc6 5.Nc3 Qc7 6.Bd3 a6 7.Be3 b5 8.Nb3 Ne5
9.Qe2 Bb7 10.O-O Nf6 11.f4 Nxd3 12.cxd3 Be7 13.Rac1 Qd8 14.Rc2 O-O 15.Rfc1 Rc8
16.h3 d6 17.Qf2 Qd7 18.a3 Ne8 19.Nd4 f5 20.exf5 exf5 21.Nf3 Nf6 22.Bd4 Nd5
23.Qg3 Bf6 24.Nxd5 Bxd4+ 25.Nxd4 Rxc2 26.Rxc2 Bxd5 27.Kh2 Rf6 28.Qe3 Rf8
29.Re2 g6 30.Qe7 Rf7 31.Qxd7 Rxd7 32.Re8+ Kf7 33.Rb8 Bb7 34.Kg3 h6 35.h4 Kf6
36.Kf2 Bd5 37.g3 Rb7 38.Rxb7 Bxb7 39.b4 Bd5 40.Ke3 g5 41.hxg5+ hxg5 42.Ne2 Bb7  1/2-1/2

[Event "Bundesliga 2008-9"]
[Site "Solingen GER"]
[Date "2008.10.05"]
[Round "2"]
[White "Vachier Lagrave,M"]
[Black "Macieja,B"]
[Result "1-0"]
[WhiteElo "2716"]
[BlackElo "2600"]

1.e4 c5 2.Nf3 e6 3.d4 cxd4 4.Nxd4 Nc6 5.Nc3 Qc7 6.Be3 a6 7.Qd2 Nf6 8.O-O-O Be7
9.f3 h5 10.Qf2 d6 11.h3 b5 12.Nxc6 Qxc6 13.Bd3 b4 14.Ne2 e5 15.g4 Be6 16.Kb1 hxg4
17.hxg4 Rxh1 18.Rxh1 d5 19.Ng3 dxe4 20.Nxe4 Nd7 21.Rh8+ Nf8 22.Bc5 a5 23.Rg8 g6
24.Nf6+ Bxf6 25.Rxf8+ Kd7 26.Be4 Bd5 27.Rxa8 Qxa8 28.Qd2 Ke6 29.f4 exf4 30.Qxf4 Be5
31.Bf5+ Kf6 32.g5+  1-0

[Event "Chigorin Memorial"]
[Site "St Petersburg RUS"]
[Date "2008.10.05"]
[Round "3"]
[White "Lanin,A"]
[Black "Vorobiov,E"]
[Result "1/2-1/2"]
[WhiteElo "2465"]
[BlackElo "2577"]

1.e4 c5 2.Nf3 e6 3.d4 cxd4 4.Nxd4 Nc6 5.Nc3 Qc7 6.f4 a6 7.Be3 Nxd4 8.Qxd4 b5
9.Be2 Bb7 10.Bf3 Rc8 11.a3 Ne7 12.Rd1 Ng6 13.O-O Bc5 14.Qxc5 Qxc5 15.Bxc5 Rxc5
16.e5 Bxf3 17.Rxf3 Ke7 18.Rfd3 Rd8 19.g3 a5 20.R1d2 f6 21.Ne4 Rc7 22.exf6+ gxf6
23.Nd6 Rb8 24.b4 axb4 25.axb4 f5 26.Re2 Kf6 27.Rd4 Rc6 28.g4 Nxf4 29.Rxf4 Rxd6
30.gxf5 e5 31.Rh4 Rd1+ 32.Kf2 d6 33.Rxh7 Kxf5 34.Ke3 Rc8 35.Rd2 Re1+ 36.Kf2 Rc1
37.Rxd6 R1xc2+ 38.Ke3 R8c3+ 39.Rd3 Rxd3+ 40.Kxd3 Rc4 41.h4 Rxb4 42.h5 Rd4+
43.Ke3 Rh4 44.Rb7 Rh3+ 45.Ke2 Kf4 46.Rxb5 e4 47.Kf2 Rh2+ 48.Kg1 Rh4 49.Kg2 Rg4+
50.Kf2 Rh4  1/2-1/2

[Event "Chigorin Memorial"]
[Site "St Petersburg RUS"]
[Date "2008.10.05"]
[Round "3"]
[White "Malakhov,I"]
[Black "Matlakov,M"]
[Result "1-0"]
[WhiteElo "2346"]
[BlackElo "2490"]

1.e4 c5 2.Nf3 Nc6 3.d4 cxd4 4.Nxd4 e6 5.Nc3 Qc7 6.Be2 Nf6 7.O-O a6 8.Be3 Be7
9.a4 O-O 10.Nxc6 bxc6 11.a5 d5 12.exd5 cxd5 13.Na4 Bb7 14.c3 e5 15.Qb3 Rab8
16.Nb6 Rfd8 17.Rfd1 h6 18.Rac1 Qc6 19.h3 Qe6 20.Qa2 Bd6 21.b4 Bc7 22.Na4 Bc8
23.Ba7 Ra8 24.Bb6 Bxb6 25.Nxb6 Ra7 26.Bc4 Bb7 27.Rd2 e4 28.Re1 Rd6 29.Bb3 Bc6
30.Rd4 Rc7 31.Qd2 Bb7 32.c4 Qf5 33.cxd5 Re7 34.Rd1 Rd8 35.Qe2 Nh5 36.Bc4 Nf4
37.Qg4 Qe5 38.g3 Nh5 39.d6 Ree8 40.Nd7  1-0

[Event "58th TCh m 1st Div"]
[Site "Borovets BUL"]
[Date "2008.10.06"]
[Round "6"]
[White "Stefanov,K"]
[Black "Iotov,V"]
[Result "0-1"]
[WhiteElo "2376"]
[BlackElo "2532"]

1.e4 c5 2.Nf3 e6 3.d4 cxd4 4.Nxd4 Nc6 5.Nc3 Qc7 6.g3 a6 7.Bg2 Nf6 8.O-O d6
9.Re1 Nd7 10.a4 Be7 11.Be3 O-O 12.Qe2 Bf6 13.Rad1 Rd8 14.h3 Rb8 15.Kh2 Nxd4
16.Bxd4 Bxd4 17.Rxd4 Ne5 18.Red1 Nc6 19.R4d2 Ne5 20.Rd4 f6 21.Qd2 Nf7 22.Bf3 Bd7
23.Bh5 g6 24.Be2 Qb6 25.Kg2 Rbc8 26.b3 Qc5 27.Rc4 Qa5 28.Na2 Qxd2 29.Rxd2 Rxc4
30.Bxc4 Rc8 31.f3 Kf8 32.Be2 Ke7 33.Kf2 g5 34.Nb4 Ne5 35.Nd3 Nc6 36.Ke3 e5
37.Bd1 Nd4 38.Rh2 f5 39.h4 g4 40.fxg4 fxg4 41.Rf2 a5 42.Kd2 Be6 43.Nc1 h5
44.c3 Nc6 45.Nd3 Na7 46.Nc1 b5 47.axb5 Nxb5 48.Ne2 Na3 49.Bc2 a4 50.bxa4 Nxc2
51.Kxc2 Rc4 52.Kd3 Rxa4 53.Nc1 Bf7 54.Rb2 Bg6 55.c4 d5 56.Rb7+ Kf8 57.cxd5 Bxe4+
58.Ke3 Bxd5 59.Rb5 Ra3+ 60.Kf2 Rf3+ 61.Ke1 Bf7 62.Ne2 e4 63.Nd4 Rxg3 64.Rb8+ Be8
65.Ne6+ Ke7 66.Ng7 Bg6 67.Rb5 Re3+ 68.Kf2 Rf3+ 69.Kg2 e3 70.Nxh5 e2 71.Re5+ Kd6
72.Rxe2 Bxh5 73.Ra2 Be8 74.Ra5 Bc6 75.Kg1 Rh3 76.h5 g3  0-1

[Event "ch-Commonwealth"]
[Site "Nagpur IND"]
[Date "2008.10.06"]
[Round "11"]
[White "Vishnu,P"]
[Black "Fenil,S"]
[Result "0-1"]
[WhiteElo "2341"]
[BlackElo "2129"]

1.e4 c5 2.Nf3 e6 3.d4 cxd4 4.Nxd4 Nc6 5.Nc3 Qc7 6.f4 a6 7.Nxc6 Qxc6 8.Bd3 b5
9.Qe2 Bb7 10.Bd2 Bc5 11.O-O-O Ne7 12.Qh5 Rc8 13.f5 Bd4 14.Ne2 Bf6 15.Rhf1 Qc5
16.g4 Qe5 17.Bc3 Rxc3 18.Nxc3 b4 19.Na4 g6 20.Qh6 Bc6 21.g5 Bg7 22.Qh4 h6
23.f6 hxg5 24.Qg3 Bxf6 25.Rxf6 Qxf6 26.Qb8+ Nc8 27.Nb6 O-O 28.Nxc8 Qd8 29.Bxa6 Qa5
30.Qb6 Qxa2 31.Ne7+ Kh7 32.Qxb4 Qxa6 33.Nxc6 Ra8 34.Ne5 Qe2 35.b3 Ra1+ 36.Kb2 Rxd1
37.Qe7 Qf2 38.Nxf7 Qd4+ 39.c3 Rd2+ 40.Ka3 Qa7+ 41.Kb4 Qb6+  0-1

[Event "Chigorin Memorial"]
[Site "St Petersburg RUS"]
[Date "2008.10.06"]
[Round "4"]
[White "Pogosian,Vl"]
[Black "Levin,Ev"]
[Result "0-1"]
[WhiteElo "2320"]
[BlackElo "2487"]

1.e4 c5 2.Nc3 Nc6 3.Nf3 e6 4.d4 cxd4 5.Nxd4 d6 6.g3 Bd7 7.Ndb5 Qb8 8.a4 Nf6
9.Bf4 Ne5 10.Bg5 a6 11.Bxf6 gxf6 12.Nd4 Qa7 13.Bg2 Be7 14.O-O O-O 15.Kh1 Kh8
16.f4 Nc4 17.Rb1 Ne3 18.Qd3 Nxf1 19.Rxf1 Rac8 20.Nb3 b5 21.axb5 axb5 22.e5 dxe5
23.fxe5 f5 24.g4 b4 25.Nd1 fxg4 26.Ne3 f5 27.exf6 Bxf6 28.Nxg4 Bxb2 29.Rd1 Bc6
30.Bxc6 Rxc6 31.Qe4 Qa8 32.Nh6 Bg7 33.Nd4 Ra6 34.Qxa8 Rfxa8 35.Nf7+ Kg8 36.Ng5 Ra1  0-1

[Event "Belgrade Premier League"]
[Site "Belgrade SRB"]
[Date "2008.10.07"]
[Round "3"]
[White "Biocanin,Gora"]
[Black "Lapcevic,M"]
[Result "1/2-1/2"]
[WhiteElo "2314"]
[BlackElo "2355"]

1.e4 c5 2.Nf3 e6 3.d4 cxd4 4.Nxd4 Nc6 5.Nc3 Qc7 6.Be3 a6 7.Bd3 Nf6 8.O-O h5
9.h3 b5 10.Nxc6 Qxc6 11.Be2  1/2-1/2

[Event "Chigorin Memorial"]
[Site "St Petersburg RUS"]
[Date "2008.10.07"]
[Round "5"]
[White "Malakhov,I"]
[Black "Teterev,V"]
[Result "0-1"]
[WhiteElo "2346"]
[BlackElo "2513"]

1.e4 c5 2.Nf3 Nc6 3.d4 cxd4 4.Nxd4 e6 5.Nc3 Qc7 6.Be2 a6 7.O-O Nf6 8.Kh1 Be7
9.f4 d6 10.Bf3 O-O 11.a4 Rd8 12.Be3 Ne5 13.Bf2 Nxf3 14.Qxf3 b6 15.f5 e5 16.Nb3 Bb7
17.a5 b5 18.Bb6 Qc4 19.Bxd8 Rxd8 20.Nd2 Qb4 21.Qe3 Qxb2 22.Ra2 Qb4 23.Rb1 Qc5
24.Qxc5 dxc5 25.Nf3 Nxe4 26.Nxe4 Bxe4 27.Re1 Bd5 28.Raa1 e4 29.Rad1 exf3
30.Rxe7 f2 31.Re2 f1=Q+ 32.Rxf1 Bc4 33.Ree1 Bxf1 34.Rxf1 Rd4 35.h3 Ra4 36.Rd1 h6
37.Rd8+ Kh7 38.f6 gxf6 39.Rd6 Rxa5 40.Rxf6 Ra2 41.c3 Rc2 42.Rxf7+ Kg6 43.Ra7 Rxc3
44.Rxa6+ Kg5 45.Kh2 b4 46.Rb6 b3  0-1

[Event "1st WMSG Blitz Pair"]
[Site "Beijing CHN"]
[Date "2008.10.08"]
[Round "1"]
[White "Socko,B"]
[Black "Berend,F"]
[Result "1-0"]
[WhiteElo "2631"]
[BlackElo "2345"]

1.e4 c5 2.Nf3 e6 3.d4 cxd4 4.Nxd4 Nc6 5.Nc3 a6 6.Be3 Nf6 7.a3 Qc7 8.Be2 b5
9.Nxc6 Qxc6 10.e5 Nd5 11.Nxd5 Qxd5 12.Qxd5 exd5 13.O-O-O Bb7 14.Bf3 d6 15.Bxd5 Bxd5
16.Rxd5 dxe5 17.Rxe5+ Kd7 18.Rd1+ Kc6 19.Red5 Be7 20.Rd7 Rhe8 21.Bf4 h6 22.Rc7+ Kb6
23.Rdd7 Bf6 24.Be3+ Ka5 25.Rxf7 Re6 26.Rfd7 Rae8 27.Rd3 g5 28.Rh7 Be5 29.g3 R8e7
30.Rxe7 Rxe7 31.b3 Bg7 32.Rd6 Rf7 33.Bb6+  1-0

[Event "1st WMSG Blitz Pair"]
[Site "Beijing CHN"]
[Date "2008.10.08"]
[Round "6"]
[White "Borosova,Z"]
[Black "Berend,E"]
[Result "0-1"]
[WhiteElo "2234"]
[BlackElo "2328"]

1.e4 c5 2.Nf3 e6 3.d4 cxd4 4.Nxd4 Nc6 5.Nc3 a6 6.Be3 Nf6 7.Qd2 Bb4 8.f3 d5
9.Nxc6 bxc6 10.e5 Nd7 11.a3 Be7 12.f4 c5 13.Bf2 Bb7 14.Bd3 Nb6 15.O-O O-O
16.b3 Rc8 17.Rfd1 Qc7 18.a4 c4 19.bxc4 Nxc4 20.Bxc4 Qxc4 21.Bd4 Bb4 22.Rab1 Ba8
23.Rb3 a5 24.Qd3 Qxd3 25.cxd3 h6 26.Kf2 Bc6 27.Nb5 Rb8 28.Nc3 Rfc8 29.Rdb1 Bd7
30.Ne2 Bxa4 31.R3b2 Bc2 32.Rc1 Bxd3 33.Rxc8+ Rxc8 34.Ke3 Bxe2 35.Kxe2 Rc4
36.Kd3 Rc1 37.Ra2 Rd1+ 38.Ke3 g5 39.fxg5 hxg5 40.Bb6 Re1+ 41.Kd4 Re4+ 42.Kd3 Rxe5
43.Bxa5 Bxa5 44.Kd4  0-1

[Event "1st WMSG Blitz Pair"]
[Site "Beijing CHN"]
[Date "2008.10.08"]
[Round "11"]
[White "Naiditsch,A"]
[Black "Berend,F"]
[Result "1-0"]
[WhiteElo "2678"]
[BlackElo "2345"]

1.e4 c5 2.Nf3 e6 3.d4 cxd4 4.Nxd4 Nc6 5.Nc3 a6 6.Be3 Nf6 7.Qd2 Bb4 8.Bd3 d5
9.a3 Qa5 10.Nb3 Bxa3 11.bxa3 Qc7 12.f3 dxe4 13.fxe4 Ne5 14.O-O Nc4 15.Bxc4 Qxc4
16.Bd4 Bd7 17.Qf4  1-0

[Event "1st WMSG Rapid Pair"]
[Site "Beijing CHN"]
[Date "2008.10.09"]
[Round "3"]
[White "Sukandar,I"]
[Black "Berend,E"]
[Result "1-0"]
[WhiteElo "2303"]
[BlackElo "2328"]

1.e4 c5 2.Nf3 e6 3.d4 cxd4 4.Nxd4 Nc6 5.Nc3 a6 6.Be2 Nf6 7.O-O d6 8.Be3 Be7
9.f4 O-O 10.Kh1 Bd7 11.Qe1 Nxd4 12.Bxd4 Bc6 13.Bd3 Nd7 14.Qg3 e5 15.fxe5 dxe5
16.Bxe5 Nxe5 17.Qxe5 Bd6 18.Qh5 g6 19.Qf3 Be5 20.Bc4 Qh4 21.h3 Kh8 22.Bd5 Qe7
23.Rad1 Kg7 24.Qd3 Rad8 25.b3 Be8 26.Ne2 Qa3 27.c3 Bb5 28.c4 Be8 29.Qc2 Qc5
30.Bxb7 Rxd1 31.Qxd1 Qb6 32.Bd5 a5 33.Ng1 Bb8 34.Nf3 f6 35.Qd4 Qc7 36.a3 Qg3
37.b4 axb4 38.axb4 Bd7 39.Qf2 Qc7 40.Qc5 Qd8 41.b5 Bc7 42.Qd4 Qe7 43.Ra1 Bd6
44.Ra7 Rd8 45.Bc6 Bxc6 46.Rxe7+ Bxe7 47.bxc6 Rxd4 48.Nxd4 Bd6 49.c5 Be5 50.c7  1-0

[Event "Chigorin Memorial"]
[Site "St Petersburg RUS"]
[Date "2008.10.09"]
[Round "7"]
[White "Sjugirov,S"]
[Black "Matlakov,M"]
[Result "1-0"]
[WhiteElo "2549"]
[BlackElo "2490"]

1.e4 c5 2.Nf3 e6 3.d4 cxd4 4.Nxd4 Nc6 5.Nc3 Qc7 6.Be3 Nf6 7.f4 Bb4 8.Nb5 Qa5
9.e5 Nd5 10.Bd2 Nxc3 11.bxc3 Bc5 12.c4 Qb6 13.Rb1 O-O 14.Bd3 Be3 15.Rb3 Bxd2+
16.Qxd2 f5 17.Nd6 Qd8 18.Be2 b6 19.g4 fxg4 20.Rg3 Qh4 21.Rg1 Ba6 22.Kd1 g6
23.Rxg4 Qf2 24.h4 Kh8 25.h5 Ne7 26.hxg6 Nxg6 27.Bd3 Qf3+ 28.Kc1 Nxf4 29.Rg8+  1-0

[Event "1st WMSG Rapid Pair"]
[Site "Beijing CHN"]
[Date "2008.10.10"]
[Round "7"]
[White "Sarakauskas,G"]
[Black "Berend,F"]
[Result "1/2-1/2"]
[WhiteElo "2429"]
[BlackElo "2345"]

1.e4 c5 2.Nf3 e6 3.d4 cxd4 4.Nxd4 Nc6 5.Nc3 a6 6.Nxc6 bxc6 7.e5 Qc7 8.f4 d6
9.exd6 Bxd6 10.Ne4 Be7 11.Bd3 Bb7 12.O-O c5 13.Qe2 Nh6 14.Ng5 g6 15.Qe5 Qxe5
16.fxe5 Nf5 17.g4 c4 18.Be4 Bxe4 19.Nxe4 Nd4 20.Rf2 h5 21.Be3 Nc6 22.Raf1 hxg4
23.Rxf7 Nxe5 24.Rxe7+ Kxe7 25.Bg5+ Kd7 26.Rd1+ Kc8 27.Bf6 Nf3+ 28.Kg2 Rxh2+
29.Kg3 Rxc2 30.Kxg4 Nh2+ 31.Kf4 Ra7 32.Rd8+ Kc7 33.Rg8 Kc6 34.Rxg6 Rf7 35.Ke5 Rxb2
36.Kxe6 Rxf6+ 37.Rxf6 Ng4 38.Rg6 Nf2 39.Ke5+ Kb5 40.Nd6+ Kb4 41.Nxc4 Kxc4
42.Rxa6 Nd3+ 43.Kf5 Kd5 44.Ra5+ Nc5 45.Kf4 Kd4 46.Kf3 Rb1 47.Ra8 Rf1+ 48.Kg2 Rf6
49.a4 Ke3 50.a5 Rg6+ 51.Kh3 Nd3 52.Kh4 Kf3 53.Rb8 Rg4+ 54.Kh5 Nf4+ 55.Kh6 Rg6+
56.Kh7 Ra6 57.Rb3+ Ke4 58.Ra3 Ne6 59.Kg6 Ke5 60.Kh5 Nd4 61.Kg5 Kd5 62.Kf4 Kc4
63.Kg4 Nc2 64.Rf3 Rxa5 65.Rf8 Nd4 66.Rc8+ Kd3 67.Rd8 Re5 68.Ra8 Ke4 69.Ra4 Re7
70.Kg5 Re6 71.Ra1 Nf3+ 72.Kh5 Rf6 73.Ra4+ Kf5 74.Rf4+ Ke5  1/2-1/2